00972nam a2200253 a 4500001001000000003000900010005001700019007000300036008004100039020001800080040002500098082000700123100003800130245007700168260004000245300002700285500007000312590002600382700003000408942001400438952011000452952013900562999001700701000044618DO-SdBNP20211104082258.0ta141209s2013 dr a 000 p spa d a9789945475715 aDO-SdBNPbspacBNPHU 42221 aArredondo, Simeónd1971-92431210aAudiencia con la muerte /cSimeón Arredondo ; ediciones Amado Santana. aSanto Domingo :bRumbo Este,c2013. a97 p. :bil. ;c23 cm. aIncluye datos biográficos del autor en la solapa de la cubierta aInventariado, 2021/BT1 aSantana, Amadoeed.97207 2ddccLBS1 00102ddc51708PDaBNPHUbPDcHDd2014-12-09iLF1l0oBNPHU PD p44618-10r2020-06-25w2020-06-25yLFPD 00102ddc51708PDaBNPHUbPDd2021-11-04eDonado / Aimee Flores Jiminianl0oBNPHU PDp2021-27809r2021-11-04te.2w2021-11-04yLFPD c44107d44107